000 00559nam a2200193Ia 4500
005 20250923144811.0
008 008 250917s9999 xx 000 0 eng d
037 _aTextual
040 _aDSWL
_beng
_cDSWL
041 _aeng
_2eng
084 _aY131:7:7.2511.N4
_qDSWL
245 0 _aCommunity development and economic developers, Part II
_cby United Nations
260 _aNew York
_bYorkUnited Nations
_c1960
300 _avi,100p.
365 _aUSD
_b1
925 _g1
942 _cTEXL
_hY131:7:7.2511.N4
999 _c1443499
_d1443499